000 00351nam a2200145Ia 4500
008 150201s2001 xx 000 0 und d
082 _a616.8
_bP2001S
100 _aSHAH.L.P.
245 2 _aA HANDBOOK OF PSYCHIATRY
250 _a3RD
260 _bVORA MEDICAL PUBLICATION
_aMUMBAI
_c2001
300 _a1-200
650 _aPSYCHIATRY
942 _2ddc
_cBK
999 _c4052
_d4052